| 000 | 00329nam a22001337a 4500 | ||
|---|---|---|---|
| 020 | _a9780070048041 | ||
| 040 | _cNust | ||
| 082 |
_a621.3192 _bBAL'E |
||
| 100 |
_aNorman Balabanian _9126163 |
||
| 245 | _aElectric Circuits | ||
| 260 |
_aNew York: _bMcGraw -Hill, _c1994. |
||
| 650 |
_aElectric Circuits _910997 |
||
| 942 |
_2ddc _cBK |
||
| 999 |
_c611931 _d611931 |
||